Význam organizace sdružující osoby s postižením : absolventská práce / Klára Mikulová ; vedoucí práce Marie Ortová
Absolventská práce se zaměřuje na význam organizace sdružující osoby s postižením. Pro zjištění významu organizace byla vybrána Společnost E, která sdružuje lidi trpící epilepsií. Pomocí metodiky je v práci popsána základní charakteristika neziskových organizací, epilepsie a samostatná organizace. Součástí práce jsou získané informace od klientů skrz rozhovory, kde autorka zjišťuje, jaký je význam organizace pro klienty.
Record details
- Physical Description: 56 stran : 4 přílohy ; 31 cm
Content descriptions
| Dissertation Note: | Absolventská práce (Dis.), Jabok - Vyšší odborná škola sociálně pedagogická a teologická, 2023 |
| Bibliography, etc. Note: | Obsahuje bibliografii |
Search for related items by subject
| Genre: | absolventské práce |
Available copies
- 1 of 1 copy available at Common Catalog SPOK.
Holds
- 0 current holds with 1 total copy.
Show Only Available Copies
| Location | Call Number / Copy Notes | Barcode | Shelving Location | Status | Due Date |
|---|---|---|---|---|---|
| Jabok Library | ABP-2489 | 424480045340 | Absolventské práce | Reference | - |
Electronic resources
Version of Resource: Plný text
| LDR | ntm a22 i 4500 | ||
|---|---|---|---|
| 001 | 56942 | ||
| 003 | CZ-PrJAB | ||
| 005 | 20240123155851.0 | ||
| 007 | ta | ||
| 008 | s2023 xr e 000 0 cze | ||
| 040 | . | ‡aABG312 ‡bcze ‡erda | |
| 041 | 0 | . | ‡acze ‡beng |
| 072 | 7. | ‡a364-1/-7 ‡xDruhy sociální pomoci a služeb ‡2Konspekt ‡918 | |
| 100 | 1 | . | ‡aMikulová, Klára ‡4aut |
| 245 | 1 | 0. | ‡aVýznam organizace sdružující osoby s postižením : ‡babsolventská práce / ‡cKlára Mikulová ; vedoucí práce Marie Ortová |
| 264 | 0. | ‡c2023 | |
| 300 | . | ‡a56 stran : ‡b4 přílohy ; ‡c31 cm | |
| 336 | . | ‡atext ‡btxt ‡2rdacontent | |
| 337 | . | ‡abez média ‡bn ‡2rdamedia | |
| 338 | . | ‡asvazek ‡bnc ‡2rdacarrier | |
| 502 | . | ‡aAbsolventská práce (Dis.), Jabok - Vyšší odborná škola sociálně pedagogická a teologická, 2023 | |
| 504 | . | ‡aObsahuje bibliografii | |
| 520 | 3 | . | ‡aAbsolventská práce se zaměřuje na význam organizace sdružující osoby s postižením. Pro zjištění významu organizace byla vybrána Společnost E, která sdružuje lidi trpící epilepsií. Pomocí metodiky je v práci popsána základní charakteristika neziskových organizací, epilepsie a samostatná organizace. Součástí práce jsou získané informace od klientů skrz rozhovory, kde autorka zjišťuje, jaký je význam organizace pro klienty. |
| 653 | 0 | . | ‡aepilepsie ‡aneziskové organizace ‡aSpolečnost E ‡aosoby s postižením |
| 655 | 7. | ‡aabsolventské práce ‡7ph202176 ‡2czenas | |
| 700 | 1 | . | ‡aOrtová, Marie ‡4ths |
| 710 | 2 | . | ‡aJabok - Vyšší odborná škola sociálně pedagogická a teologická |
| 856 | 4 | 1. | ‡uhttps://is.jabok.cz/th/fv9xv/ ‡yPlný text |
| 910 | . | ‡aABG312 | |
| 901 | . | ‡a56942 ‡bAUTOGEN ‡c56942 ‡tbiblio | |